01442cam a22002895a 45000010009000000050017000090080041000260200029000670200026000960400088001220820020002101000044002302450071002742600056003453000025004015000024004265040031004505050360004816500059008416500023009006510010009236530020009336550024009539420008009779990017009859520150010021437476020201128021249.0060512s2007 enk frb 001 0 eng d a9781403994882 (hardback) a1403994889 (hardback) aDLCcDLCdBAKERdBWKUKdBTCTAdYDXCPdUKMdCOOdOCLCGdUABdZWZdYUSdDLCdEG-ScBUE00a320.01222bEDW1 aEdwards, Jason,d1971 October 3-93804914aThe radical attitude and modern political theory /cJason Edwards. aHampshire ;aNew York :bPalgrave Macmillan,c2007. avi, 208 p. ;c23 cm. aIndex : p. 203-208. aBibliography : p. 185-202.0 aThe reformation and the radical attitude : Luther, Muntzer and Calvin -- The politicisation of man in the seventeenth century : the Levellers and Hobbes -- Enlightenment, law and nature : Montesquieu and Rosseau -- Conservatism and radicalism : Burke and Paine -- Democracy and revolution : Tocqueville and Marx -- Crisis and decision : Lenin and Schmitt. 7aPolitical SciencexPhilosophy.2BUEsh9684vPhilosophy 0aRadicalism.2BUEsh 2BUEsh bBUSBOLcMay2015 vreading book934232 2ddc c19385d19357 00102ddc40708BaccahaMAINbMAINc1STd2015-05-20epurchaseg632.00l5m63o320.01 EDWp000038246r2025-07-15 00:00:00s2018-02-13v790.00yBB